| 000 | 00571nam a2200157 4500 | ||
|---|---|---|---|
| 999 |
_c14622 _d14622 |
||
| 008 | 191019b ||||| |||| 00| 0 eng d | ||
| 022 | _a03080587 | ||
| 082 | _aDPer 420.5 M72 Apr-Oct 2011 v. 20, n. 2-4 | ||
| 100 |
_940453 _aBoon, Andrew. |
||
| 245 |
_aSetting up an internship program at a Japanese university: _bpart two/ _cAndrew Boon and Chrissie Woods. |
||
| 260 |
_aChichester, West Sussex: _bPavilion Publishing, _c©2011. |
||
| 300 |
_av20, n2 pages 49-55: _c30 cm. |
||
| 650 |
_aTeaching. _940628 |
||
| 700 |
_940627 _aWoods, Chrissie. _eAuthor. |
||
| 942 |
_2ddc _cPER |
||